01167nam a2200241Ia 4500001000600000003000900006008004100015040001300056040001300069041001300082100002200095100002900117245003400146245006100180250001100241260001100252260001500263260004900278300005900327500048600386650002200872650003100894H5770IT-RoPAU130308s9999 xx 000 0 und d aIT-RoPAU cIT-RoPAU aITALIANO aValmachino Chiara gCodice Aut. SPICS: 48518 aTelegiornale in Germania (Il) bSpeciale Tg. forme e Tecniche del Giornalismo Televisivo a4a ed. aNOVARA bInterlinea c2005 [1° Ed.:1997 - Ed.Ling.Originale:1997] a"18 p. (prefazione: no ; testo: 18 [pagine: 265-282])" a"Storia dell'informazione televisiva Tedesca, in sette Date. Fatti e Commenti: Note di Deontologia per Il Telegiornale. Tg pubblici e privati nel 2000: Dagli Antipodi Verso la Convergenza? telegiornali nella Percezione degli Spettatori. Forma, contenuti e Modalità€ comunicative dei Tg: tre Modelli Aconfronto: Sigla e Grafica; Conduzione; Criteri di selezione e di Gerarchizzazione delle Notizie; Modalità€ Comunicative. Tg in Tempo di Crisi: la copertura della Guerra in Iraq." aGENERI TELEVISIVI eCodice materia Spics: 6960